000 01542cam a2200445 a 4500
999 _c23923
_d23923
001 vtls001330485
005 20250924105407.0
008 240709s1998 xo gr 000 0 slo
020 _a8085471523
035 _aSNK000283349
035 _aurn:nbn:sk:snk-amk5b8
035 _aurn:nbn:sk:snk-am00504w
035 _a5CC97D29-FE60-4A29-A3ED-3671D33C78D7
040 _aSNK
_bslo
_cSNK
_eAACR2
041 0 _aslo
044 _axo
_cSK
072 7 _a821.162.4.09
_xSlovenská literatúra (o nej)
_2konspekt
072 7 _a821.09
_xLiteratúra v rôznych jazykoch (o nej)
_2konspekt
080 _a820/899 (100)-3"1945/-"
_21981
080 _a821(100)
_22011
080 _a821.162.4
_22011
080 _a82.02/.09
_22011
080 _a82.09
_22011
080 _a(082.21)
_22011
080 _a(048.8)
_22011
100 1 _aCaltíková, Milada
_4aut
_91412
245 1 0 _aSprievodca dielami slovenskej a svetovej literatúry
_nVýber 3
_p(Svetová literatúra po roku 1945)
_cMilada Caltíková
246 3 0 _aSvetová literatúra po roku 1945
260 _aNitra
_bEnigma
_c1998
300 _a230 s.
_c21 cm
648 7 _apo 1945
_2SNKPH
_94804
650 0 7 _asvetová literatúra
_2SNKPH
_91654
650 0 7 _aslovenská literatúra
_2SNKPH
_92297
650 0 7 _ainterpretácia a prijatie literárneho diela
_2SNKPH
_93149
650 0 7 _aliterárnovedné rozbory
_2SNKPH
_93150
655 7 _aprehľady
_2SNKPH
_92711
655 7 _avýbery
_2SNKPH
_92003